000 01080nam a2200325 a 4500
001 vtls000102644
003 NLI
005 20210601201854.0
008 101125s1965 enkb 001 0 eng
020 _cRs. 50.00
039 9 _y201011251140
_zVLOAD
040 _aNLI
_beng
_cDataSoft
_eAACR2
041 0 _aeng
044 _aenk
082 0 4 _a327.42056
100 1 _aFitzsimons, M. A.
_9212105
245 1 0 _aEmpire by treaty :
_bBritain and the Middle East in the twentieth century /
_cby M. A. Fitzsimons
260 _aLondon :
_bErnesti Bean,
_c1965
300 _axi, 235 p. :
_bmaps ;
_c23 cm.
440 0 _aInternational studies of the committee on international relations
_9215898
500 _aIncludes index
650 0 _aInternational relations
_92696
651 0 _aGreat Britain
_xForeign relations
_zMiddle East
_9214349
651 0 _aMiddle East
_xForeign relations
_zGreat Britain
_9214350
887 _a
901 _a378415
_b11.10.1965
902 _aE327.42056 F584
949 _AVIRTUAITEM
_D10000
_X100
_6PUR000378415ENG
942 _2ddc
_cBKS
999 _aVIRTUA00
_c106940
_d106940